Film d'animazione con maggiori incassi nella storia del cinema - Statistics

Statistiche generali
  • Questo quiz è stato fatto 137 volte
    76 dall'ultimo reset
  • Il punteggio medio è 10 su 26
Statistiche sulle risposte
Incasso ($) Anno di uscita del film Film % Corretto
1 453 683 476 2019 Frozen II - Il segreto di Arendelle
87%
1 286 319 131 2013 Frozen - Il regno di ghiaccio
87%
859 076 254 2015 Inside Out
63%
1 698 863 816 2024 Inside Out 2
63%
1 662 020 819 2019 Il re leone
62%
1 067 316 101 2010 Toy Story 3 - La grande fuga
62%
1 073 841 394 2019 Toy Story 4
62%
1 059 242 164 2024 Oceania 2
53%
814 641 172 2007 Coco
50%
979 161 373 2013 Il re leone
50%
932 530 034 2004 Shrek 2
48%
808 308 862 2017 Shrek terzo
48%
941 637 960 2003 Alla ricerca di Nemo
33%
1 025 521 689 2016 Zootropolis
32%
1 243 225 667 2018 Gli Incredibili 2
30%
970 766 005 2024 Cattivissimo me 2
20%
1 034 800 131 2017 Cattivissimo me 3
20%
969 593 874 1994 Cattivissimo me 4
20%
886 686 817 2009 L'era glaciale 3 - L'alba dei dinosauri
18%
877 244 782 2012 L'era glaciale 4 - Continenti alla deriva
18%
1 159 457 503 2015 Minions
17%
940 482 695 2022 Minions 2 - Come Gru diventa cattivissimo
17%
1 360 847 665 2023 Super Mario Bros. - Il film
15%
1 029 266 989 2016 Alla ricerca di Dory
12%
2 215 690 000[ 2025 Nézhā zhī mótóng nàohǎi
8%
875 698 161 2016 Pets - Vita da animali
2%
Nessun quiz corrispondente trovato
Distribuzione punteggi
Percentuale di utenti per punteggio
Percentile per numero di risposta
I tuoi punteggi nel tempo
Non hai fatto questo quiz dall'ultimo reset